000 00754nam a2200217Ia 4500
001 7274
003 GE_BSU
008 181216s||||||||xx |||||||||||||| ||und||
040 _cGE_BSU
080 _a628.9
100 _aВолоцкой,Н.В. Кнорринг,Г.М.
245 _aЭлектрические освещение производственных и гражданских зданий.
245 _cРед. С.А.Клюев, Г.М.Кнорринг.
260 _aМ.-Л.
260 _bЭнергия.
260 _c1964.
300 _a768стр.22см.
300 _eрис. табл.
653 _aЭлектрические освещение производственных и гражданских зданий.
942 _cBK
999 _c40646
_d40646